书目信息 |
| 书名: | Finite mathematics for business and the social and life sciences | |
| 作者: | Raymond A. Barnett, Michael R. Ziegler, Karl E. Byleen. | |
| 分册号: | ||
| 分册名: | 出版地: | NEW JERSEY : |
|
| 出版社: | Prentice Hall | |
| 出版时间: | c2002. | |
| 页数: | 699 p. : | |
| 开本: | 25 cm. | |
| 丛书名: | ||
| 中图分类号: | ||
| 科图分类号: | ||
| 其他分类号: | F224 | |
| 主题词: | ||
| 电子资源: | ||
| 000 | 00762cam 22000241i 45096 | |
| 001 | 0297089644 | |
| 005 | 20070707093219.23 | |
| 008 | 900627m20029999 a 001 0 | |
| 020 | @a0-13-033840-0 :@cUSD48.00. | |
| 041 | @aeng | |
| 050 | @aQA37.2@b.W483 1991 | |
| 082 | 04 | @a510@220 |
| 090 | @aF224 | |
| 099 | @dF224@ex24=9 | |
| 245 | 10 | @aFinite mathematics for business and the social and life sciences / @cRaymond A. Barnett, Michael R. Ziegler, Karl E. Byleen. |
| 250 | @a9th ed. | |
| 260 | 1 | @aNEW JERSEY :@bPrentice Hall.,@cc2002. |
| 300 | @a699 p. :@bill. (some col.) ;@c25 cm. | |
| 500 | @aIncludes indexes. | |
| 650 | 4 | @aBusiness mathematics. |
| 650 | 4 | @aMathematics. |
| 650 | 4 | @aSocial sciences@xMathematics. |
| 700 | @aBarnett, Raymond A. | |
| Finite mathematics for business and the social and life sciences / / Raymond A. Barnett, Michael R. Ziegler, Karl E. Byleen.-9th ed.-NEW JERSEY : : Prentice Hall., , c2002. |
| 699 p. : : ill. (some col.) ; ; 25 cm. |
| Includes indexes. |
| ISBN 0-13-033840-0 :USD48.00. |
| ● |
| 相关链接 |
|
|
|
|
正题名:Finite mathematics for business and the social and life sciences
索取号:F224/x24=9
 
预约/预借
| 序号 | 登录号 | 条形码 | 馆藏地/架位号 | 状态 | 备注 |
| 1 | 12406 | 300124069 | 第二样本阅览室/ [索取号:F224/x24=9] | 在馆 | |
| 2 | 12407 | 300124078 | 第四借阅区/ [索取号:F224/x24=9] | 在馆 | |
| 3 | 12704 | 300127048 | 第四借阅区/ [索取号:F224/x24=9] | 在馆 | |
| 4 | 12705 | 300127057 | 第四借阅区/ [索取号:F224/x24=9] | 在馆 |